Triple Crown of motorsport races winners - Statistics

General Stats
  • This quiz has been taken 34 times
  • The average score is 71 of 129
Answer Stats
Race Year Constructor Driver Nationality % Correct
Monaco GP 2024 Ferrari Charles Leclerc Monaco
100%
Monaco GP 2007 McLaren Fernando Alonso Spain
100%
Monaco GP 2006 Renault Fernando Alonso Spain
100%
Le Mans 2019 Toyota Fernando Alonso Spain
100%
Le Mans 2018 Toyota Fernando Alonso Spain
100%
Monaco GP 2019 Mercedes Lewis Hamilton UK
100%
Monaco GP 2016 Mercedes Lewis Hamilton UK
100%
Monaco GP 2008 McLaren Lewis Hamilton UK
100%
Monaco GP 2023 Red Bull Max Verstappen Netherlands
100%
Monaco GP 2021 Red Bull Max Verstappen Netherlands
100%
Monaco GP 2018 Red Bull Daniel Ricciardo Australia
96%
Monaco GP 2025 McLaren Lando Norris UK
96%
Monaco GP 2015 Mercedes Nico Rosberg Germany
96%
Monaco GP 2014 Mercedes Nico Rosberg Germany
96%
Monaco GP 2013 Mercedes Nico Rosberg Germany
96%
Monaco GP 2017 Ferrari Sebastian Vettel Germany
96%
Monaco GP 2011 Red Bull Sebastian Vettel Germany
96%
Monaco GP 2009 Brawn Jenson Button UK
92%
Monaco GP 2005 McLaren Kimi Räikkönen Finland
92%
Monaco GP 2012 Red Bull Mark Webber Australia
92%
Monaco GP 2010 Red Bull Mark Webber Australia
92%
Monaco GP 2022 Red Bull Sergio Pérez Mexico
92%
Monaco GP 2001 Ferrari Michael Schumacher Germany
88%
Indianapolis 500 2025 Chip Ganassi Racing Álex Palou Spain
84%
Le Mans 2025 Ferrari Robert Kubica Poland
84%
Monaco GP 2002 McLaren David Coulthard UK
80%
Monaco GP 2000 McLaren David Coulthard UK
80%
Monaco GP 2004 Renault Jarno Trulli Italy
80%
Monaco GP 2003 Williams Juan Pablo Montoya Colombia
80%
Indianapolis 500 2015 Verizon Team Penske Juan Pablo Montoya Colombia
80%
Indianapolis 500 2000 Target Chip Ganassi Racing Juan Pablo Montoya Colombia
80%
Indianapolis 500 2022 Chip Ganassi Racing Honda Marcus Ericsson Sweden
72%
Le Mans 2021 Toyota Kamui Kobayashi Japan
68%
Le Mans 2015 Porsche Nico Hülkenberg Germany
68%
Le Mans 2022 Toyota Sébastien Buemi Switzerland
68%
Le Mans 2020 Toyota Sébastien Buemi Switzerland
68%
Le Mans 2019 Toyota Sébastien Buemi Switzerland
68%
Le Mans 2018 Toyota Sébastien Buemi Switzerland
68%
Indianapolis 500 2020 Rahal Letterman Racing Takuma Sato Japan
68%
Indianapolis 500 2017 Andretti Autosport Takuma Sato Japan
68%
Indianapolis 500 2018 Verizon Team Penske Will Power Australia
68%
Le Mans 2022 Toyota Brendon Hartley New Zealand
64%
Le Mans 2020 Toyota Brendon Hartley New Zealand
64%
Le Mans 2017 Porsche Brendon Hartley New Zealand
64%
Indianapolis 500 2021 Meyer Shank Racing Hélio Castroneves Brazil
64%
Indianapolis 500 2009 Team Penske Hélio Castroneves Brazil
64%
Indianapolis 500 2002 Marlboro Team Penske Hélio Castroneves Brazil
64%
Indianapolis 500 2001 Marlboro Team Penske Hélio Castroneves Brazil
64%
Indianapolis 500 2024 Team Penske Josef Newgarden USA
64%
Indianapolis 500 2023 Team Penske Josef Newgarden USA
64%
Indianapolis 500 2019 Verizon Team Penske Simon Pagenaud France
64%
Le Mans 2013 Audi Tom Kristensen Denmark
64%
Le Mans 2008 Audi Tom Kristensen Denmark
64%
Le Mans 2005 Audi Tom Kristensen Denmark
64%
Le Mans 2004 Audi Tom Kristensen Denmark
64%
Le Mans 2003 Bentley Tom Kristensen Denmark
64%
Le Mans 2002 Audi Tom Kristensen Denmark
64%
Le Mans 2001 Audi Tom Kristensen Denmark
64%
Le Mans 2000 Audi Tom Kristensen Denmark
64%
Le Mans 2023 Ferrari Antonio Giovinazzi Italy
60%
Le Mans 2025 Ferrari Yifei Ye China
60%
Indianapolis 500 2008 Target Chip Ganassi Racing Scott Dixon New Zealand
56%
Le Mans 2023 Ferrari Alessandro Pier Guidi Italy
52%
Indianapolis 500 2016 Andretti Herta Autosport Alexander Rossi USA
52%
Le Mans 2014 Audi André Lotterer Germany
52%
Le Mans 2012 Audi André Lotterer Germany
52%
Le Mans 2011 Audi André Lotterer Germany
52%
Le Mans 2024 Ferrari Antonio Fuoco Italy
52%
Le Mans 2022 Toyota Ryõ Hirakawa Japan
52%
Indianapolis 500 2013 KV Racing Technology Tony Kanaan Brazil
52%
Indianapolis 500 2011 Bryan Herta Autosport with Curb Dan Wheldon USA
48%
Indianapolis 500 2005 Andretti Green Racing Dan Wheldon USA
48%
Le Mans 2021 Toyota José María López Argentina
48%
Le Mans 2025 Ferrari Phil Hanson UK
48%
Indianapolis 500 2014 DHL Honda Ryan Hunter-Reay USA
48%
Indianapolis 500 2012 Target Chip Ganassi Racing Dario Franchitti UK
44%
Indianapolis 500 2010 Target Chip Ganassi Racing Dario Franchitti UK
44%
Indianapolis 500 2007 Andretti Green Racing Dario Franchitti UK
44%
Le Mans 2017 Porsche Earl Bamber New Zealand
44%
Le Mans 2024 Ferrari Miguel Molina Spain
44%
Le Mans 2021 Toyota Mike Conway UK
44%
Le Mans 2024 Ferrari Nicklas Nielsen Denmark
44%
Le Mans 2017 Porsche Timo Bernhard Germany
44%
Le Mans 2010 Audi Timo Bernhard Germany
44%
Le Mans 2015 Porsche Earl Bamber New Zealand
40%
Le Mans 2023 Ferrari James Calado UK
40%
Le Mans 2020 Toyota Kazuki Nakajima Japan
40%
Le Mans 2019 Toyota Kazuki Nakajima Japan
40%
Le Mans 2018 Toyota Kazuki Nakajima Japan
40%
Le Mans 2013 Audi Loïc Duval France
40%
Le Mans 2013 Audi Allan McNish UK
36%
Le Mans 2008 Audi Allan McNish UK
36%
Le Mans 2007 Audi Emanuele Pirro Italy
36%
Le Mans 2006 Audi Emanuele Pirro Italy
36%
Le Mans 2002 Audi Emanuele Pirro Italy
36%
Le Mans 2001 Audi Emanuele Pirro Italy
36%
Le Mans 2000 Audi Emanuele Pirro Italy
36%
Le Mans 2016 Porsche Romain Dumas France
36%
Le Mans 2010 Audi Romain Dumas France
36%
Le Mans 2009 Peugeot Alexander Wurz Austria
32%
Indianapolis 500 2003 Marlboro Team Penske Gil de Ferran Brazil
28%
Le Mans 2009 Peugeot Marc Gené Spain
28%
Le Mans 2010 Audi Mike Rockenfeller Germany
28%
Le Mans 2016 Porsche Neel Jani Switzerland
28%
Le Mans 2015 Porsche Nick Tandy UK
28%
Indianapolis 500 2006 Marlboro Team Penske Sam Hornish Jr. USA
28%
Indianapolis 500 2004 Rahal Letterman Racing Buddy Rice USA
24%
Le Mans 2009 Peugeot David Brabham Australia
24%
Le Mans 2007 Audi Frank Biela Germany
24%
Le Mans 2006 Audi Frank Biela Germany
24%
Le Mans 2002 Audi Frank Biela Germany
24%
Le Mans 2001 Audi Frank Biela Germany
24%
Le Mans 2000 Audi Frank Biela Germany
24%
Le Mans 2014 Audi Marcel Fässler Switzerland
24%
Le Mans 2012 Audi Marcel Fässler Switzerland
24%
Le Mans 2011 Audi Marcel Fässler Switzerland
24%
Le Mans 2005 Audi JJ Lehto Finland
20%
Le Mans 2016 Porsche Marc Lieb Germany
20%
Le Mans 2008 Audi Rinaldo Capello Italy
20%
Le Mans 2004 Audi Rinaldo Capello Italy
20%
Le Mans 2003 Bentley Rinaldo Capello Italy
20%
Le Mans 2014 Audi Benoît Tréluyer France
16%
Le Mans 2012 Audi Benoît Tréluyer France
16%
Le Mans 2011 Audi Benoît Tréluyer France
16%
Le Mans 2007 Audi Marco Werner Germany
12%
Le Mans 2006 Audi Marco Werner Germany
12%
Le Mans 2005 Audi Marco Werner Germany
12%
Le Mans 2004 Audi Seiji Ara Japan
12%
Le Mans 2003 Bentley Guy Smith UK
8%
No matching quizzes found
Score Distribution
Percent of People with Each Score
Percentile by Number Answered
Your Score History
You have not taken this quiz